| 000 -LEADER |
| fixed length control field |
00835nam a22002417a 4500 |
| 003 - CONTROL NUMBER IDENTIFIER |
| control field |
OSt |
| 005 - DATE AND TIME OF LATEST TRANSACTION |
| control field |
20191029062701.0 |
| 008 - FIXED-LENGTH DATA ELEMENTS--GENERAL INFORMATION |
| fixed length control field |
180320b xxu||||| |||| 00| 0 spa d |
| 020 ## - INTERNATIONAL STANDARD BOOK NUMBER |
| International Standard Book Number |
9501407802 |
| 040 ## - CATALOGING SOURCE |
| Transcribing agency |
PJ |
| 245 13 - MENCIÓN DE TÍTULO |
| Título propiamente dicho |
El derecho público actual : |
| Parte restante del título |
homenaje al profesor Dr. Pablo A. Ramella / |
| Mención de responsabilidad, etc |
coordinador: Alberto M. Sánchez; Balestra...[et al.] |
| 260 ## - PUBLICATION, DISTRIBUTION, ETC. (IMPRINT) |
| Place of publication, distribution, etc |
Buenos Aires: |
| Name of publisher, distributor, etc |
Depalma, |
| Date of publication, distribution, etc |
1994. |
| 300 ## - DESCRIPCION FISICA |
| Extent |
242 p. |
| Dimensions |
23 cm. |
| 500 ## - NOTA GENERAL |
| General note |
Citas y notas bibliográficas a pie de página.<br/> |
| 650 #0 - ASIENTO SECUNDARIO DE MATERIA - TERMINO TEMATICO |
| 9 (RLIN) |
178 |
| Topical term or geographic name as entry element |
DERECHO CONSTITUCIONAL |
| 650 #0 - ASIENTO SECUNDARIO DE MATERIA - TERMINO TEMATICO |
| 9 (RLIN) |
736 |
| Topical term or geographic name as entry element |
DERECHO PUBLICO |
| 700 ## - ADDED ENTRY--PERSONAL NAME |
| 9 (RLIN) |
18 |
| Personal name |
Cassagne, Juan Carlos |
| 700 ## - ADDED ENTRY--PERSONAL NAME |
| 9 (RLIN) |
330 |
| Personal name |
Ekmekdjian, Miguel Ángel |
| 700 ## - ADDED ENTRY--PERSONAL NAME |
| 9 (RLIN) |
763 |
| Personal name |
Sagüés, Néstor Pedro |
| 700 ## - ADDED ENTRY--PERSONAL NAME |
| Personal name |
Vanossi, Jorge Reinaldo A. |
| 9 (RLIN) |
478 |
| 700 ## - ADDED ENTRY--PERSONAL NAME |
| 9 (RLIN) |
486 |
| Personal name |
Spota, Alberto Antonio |
| 942 ## - ADDED ENTRY ELEMENTS (KOHA) |
| Source of classification or shelving scheme |
|
| Koha item type |
Libros |
| Classification part |
342 |
| Item part |
DER |